000 01666nam a22002537a 4500
999 _c64131
_d64131
003 Ge_BSU
005 20260414120251.0
008 260414s2021 ge ||||| |||| 00| 0 geo d
041 _ageo
080 _a330.1 ბ-29
100 _aბასარია, ვლადიმერ
_927310
245 _aშესავალი ეკონომიკურ თეორიაში : მიკროეკონომიკის საფუძლები :
_bსალექციო კურსი და პრაქტიკუმი. სახელმძღვანელო უმაღლ. სასწავლებლების სტუდენტებისა და ლექტორებისათვის /
_cვლადიმერ ბასარია; რედ. ი. არჩვაძე, მ. კვარაცხელია, ი. პაპასქუა, დ. ჯალაღონია
264 _aთბილისი,
_c2021.
300 _a266 გვ.;
_b30 სმ.
504 _aბიბლიოგრ. გვ. 265
653 _aეკონომიკური ქცევის პრინციპები
653 _aკონკურენცია
653 _aსაერთაშორისო ვაჭრობა
700 _a არჩვაძე, ი.
_eრედაქტორი
_927311
700 _a კვარაცხელია, მ.
_eრედაქტორი
_927312
700 _aპაპასქუა, ი.
_eრედაქტორი
_927313
700 _aჯალაღონია, დ.
_eრედაქტორი
_919064
942 _2udc
_cᲬᲘᲒᲜᲘ